| 000 | 00700nam a2200217 a 4500 | ||
|---|---|---|---|
| 005 | 20240920063843.0 | ||
| 008 | 010919s1995 r 000 0 eng d | ||
| 020 | _a9582000220 | ||
| 035 | _aUPN01000111742 | ||
| 049 | _aCG | ||
| 050 | 4 |
_aLB2838 _bP8.6 |
|
| 100 | 1 | _aPulido, María Cristina. | |
| 245 | 1 | 3 |
_aEl proyecto educativo : _belementos para la construcción colectiva de una institución de calidad / _cMaría Cristina Pulido. |
| 260 |
_aSanta Fe de Bogotá : _bMagisterio, _c1995. |
||
| 300 | _a127 p. | ||
| 440 | 0 |
_aMesa redonda ; _v26 |
|
| 650 | 4 |
_aCalidad de la educación _94684 |
|
| 650 | 4 |
_aCALIDAD DE LA ENSEÑANZA _94699 |
|
| 650 | 4 |
_aEducación _zColombia _97044 |
|
| 905 | _aLibro | ||
| 999 |
_c85650 _d85650 |
||